Sports Quiz

Random Sports or Basketball Quiz

NBA - Sacramento Kings All-Stars Quiz Stats

 Plays Quiz not verified by Sporcle

Score 0/73 Timer 08:00
0 Plays Today
Year Player % Correct
2000Chris Webber
97.2%
2001Chris Webber
97.2%
2002Chris Webber
97.2%
2003Chris Webber
97.2%
2001Vlade Divac
90.4%
2002Peja Stojakovic
90.4%
2003Peja Stojakovic
90.4%
2004Peja Stojakovic
90.4%
1961Oscar Robertson
82.1%
1962Oscar Robertson
82.1%
1963Oscar Robertson
82.1%
1964Oscar Robertson
82.1%
1965Oscar Robertson
82.1%
1966Oscar Robertson
82.1%
1967Oscar Robertson
82.1%
1968Oscar Robertson
82.1%
1969Oscar Robertson
82.1%
1970Oscar Robertson
82.1%
1993Mitch Richmond
81.7%
1994Mitch Richmond
81.7%
1995Mitch Richmond
81.7%
1996Mitch Richmond
81.7%
1997Mitch Richmond
81.7%
1998Mitch Richmond
81.7%
2004Brad Miller
71.6%
1973Nate 'Tiny' Archibald
52.8%
1975Nate 'Tiny' Archibald
52.8%
1976Nate 'Tiny' Archibald
52.8%
1957Jack Twyman
36.7%
1958Jack Twyman
36.7%
1959Jack Twyman
36.7%
1960Jack Twyman
36.7%
1962Jack Twyman
36.7%
1963Jack Twyman
36.7%
1964Jerry Lucas
32.6%
1965Jerry Lucas
32.6%
1966Jerry Lucas
32.6%
Year Player % Correct
1967Jerry Lucas
32.6%
1968Jerry Lucas
32.6%
1969Jerry Lucas
32.6%
1966Adrian Smith
31.2%
1956Maurice Stokes
21.1%
1957Maurice Stokes
21.1%
1958Maurice Stokes
21.1%
1975Sam Lacey
20.6%
1979Otis Birdsong
20.6%
1980Otis Birdsong
20.6%
1981Otis Birdsong
20.6%
1976Scott Wedman
15.1%
1951Bob Davies
12.4%
1952Bob Davies
12.4%
1953Bob Davies
12.4%
1954Bob Davies
12.4%
1952Bobby Wanzer
10.1%
1953Bobby Wanzer
10.1%
1954Bobby Wanzer
10.1%
1955Bobby Wanzer
10.1%
1956Bobby Wanzer
10.1%
1952Arnie Risen
8.7%
1953Arnie Risen
8.7%
1954Arnie Risen
8.7%
1955Arnie Risen
8.7%
1961Wayne Embry
6%
1962Wayne Embry
6%
1963Wayne Embry
6%
1964Wayne Embry
6%
1965Wayne Embry
6%
1971Johnny Green
5%
1970Tom Van Arsdale
4.6%
1971Tom Van Arsdale
4.6%
1972Tom Van Arsdale
4.6%
1955Jack Coleman
2.8%
1957Richie Regan
0.9%

You're not logged in!

Compare scores with friends on all Sporcle quizzes.
OR
Log In

Show Comments

Extras

Top Quizzes Today


Score Distribution

Your Account Isn't Verified!

In order to create a playlist on Sporcle, you need to verify the email address you used during registration. Go to your Sporcle Settings to finish the process.

Report this User

Report this user for behavior that violates our Community Guidelines.

Details: